Word Answers that Begin with Double Letters - Statistics

General Stats
  • This quiz has been taken 238 times
    70 since last reset
  • The average score is 10 of 19
Answer Stats
Hint Answer % Correct
The elder brother of Moses Aaron
84%
Willy Wonka's helpers Oompa Loompa
84%
Domesticated South American camelid llama
79%
Traditional semi-oxidized Chinese tea oolong
75%
Depressed donkey of Hundred Acre Wood Eeyore
74%
Strange and frightening eerie
72%
Slime ooze
69%
Nocturnal burrowing mammal with long ears aardvark
67%
Exclamation recognizing mistake or accident oops
56%
The study and collection of bird eggs oology
49%
Ray-finned fish of order Anguilliformes eel
46%
One of the four largest cities in Denmark Aarhus
41%
Welsh name (Jeff Bridges's dad) Lloyd
41%
"Are You That Somebody" singer who died in plane crash Aaliyah
38%
A great number of something oodles
33%
Theoretical cloud around the Sun 0.03 to 3.2 light-years out {Oort} cloud
33%
One of the four largest cities in Denmark Aalborg
31%
Welsh name (No Country for Old Men character) Llewelyn
25%
A non-Newtonian fluid suspension of starch in water Oobleck
20%
No matching quizzes found
Score Distribution
Percent of People with Each Score
Percentile by Number Answered
Your Score History
You have not taken this quiz since the last reset